QUEST Central Library Banner

Fundamentals of heat transfer (Record no. 12156)

MARC details
000 -LEADER
fixed length control field 00239nam a22001097a 4500
082 ## - DEWEY DECIMAL CLASSIFICATION NUMBER
Classification number 621.4022THO
100 ## - MAIN ENTRY--AUTHOR NAME
Personal name Thomas L C
245 ## - TITLE STATEMENT
Title Fundamentals of heat transfer
260 ## - PUBLICATION, DISTRIBUTION, ETC. (IMPRINT)
Place of publication London
Name of publisher Prentice Hall
Year of publication 1982
300 ## - PHYSICAL DESCRIPTION
Number of Pages 702
942 ## - ADDED ENTRY ELEMENTS (KOHA)
Koha item type Books
Holdings
Withdrawn status Lost status Home library Current library Date acquired Cost, normal purchase price Full call number Accession Number Koha item type
    Seminar Library, Mechanical Engg. Seminar Library, Mechanical Engg. 28/01/2015 528.50 621.4022THO 6816 Books

Copyright © 2018,The QUEST, Nawabshah, Shaheed Benazirabad. All rights reserved
Mr. G. Farooq Channar (Librarian) QUEST, Nawabshah, Sindh, Pakistan 67480.
 Ph#: |   0244-9370381-4 Ext. 2308   Email| lib@quest.edu.pk   Web|  http://www.quest.edu.pk